Представление документа в формате MARC21

Поле Инд. ПП Название Значение
Тип записи a
Библиографический уровень m
001 Контрольный номер RU/IS/BASE/385835564
005 Дата корректировки 20250409142634.0
008 Кодируемые данные 20120323
040 00 e Правила каталог. Л 971202
084 a Индекс другой классификации/Индекс ББК 84(2=411.2)52-5; 84(2=411.2)52-51
090 00 a Полочн. индекс 84(2=411.2)52-5
x Авторский знак Т 87
097 00 a 210
100 10 a Автор Тургенев И. С.
d Даты 1818-1883
q Полное имя Тургенев Иван Сергеевич
245 00 a Заглавие Стихотворения и поэмы
c Ответственность вступительная статья, примечание И. Ямпольского; редактор Л. А. Николаева; художник И. С. Серов
260 00 a Место издания Москва
b Издательство Советский писатель. Ленинградское отделение
c Дата издания 1970
300 00 a Объем 472 с.
b Иллюстрации/ тип воспроизводства портр.
336 a Термин вида содержания Текст
337 a Термин типа средства непосредственный
440 _0 a Серия Библиотека поэта. Большая серия
504 a Библиография Примеч.: с. 393-460. - Алф. указ.: с. 461-467
505 0_ a Форматированное содержание Стено
505 0_ a Форматированное содержание Искушение святого Антония
505 0_ a Форматированное содержание Параша
505 0_ a Форматированное содержание Поп
505 0_ a Форматированное содержание Разговор
505 0_ a Форматированное содержание Помещик
505 0_ a Форматированное содержание Андрей
505 0_ a Форматированное содержание Графиня Донато
505 0_ a Форматированное содержание Филиппо Стродзи
650 04 a Основная рубрика художественная литература
653 00 a Ключевые слова XIX век
a Ключевые слова Россия
a Ключевые слова русская литература
655 00 a Жанр/ форма (устаревшее) проза
a Жанр/ форма (устаревшее) стихотворение
a Жанр/ форма (устаревшее) поэма
700 10 a Автор Ямпольский И.
e Роль лиц автор вступительной статьи; автор примечаний
700 1_ a Автор Николаева Л. А.
e Роль лиц редактор
700 1_ a Автор Серов И. С.
e Роль лиц художник
901 t Тип документа m
952 a Тип литературы для КСУ ВШ ЛХИ